| 000 | 00522nam a2200181Ia 4500 | ||
|---|---|---|---|
| 999 |
_c10646 _d10646 |
||
| 003 | OSt | ||
| 005 | 20191220094704.0 | ||
| 008 | 190216s9999||||xx |||||||||||||| ||und|| | ||
| 020 | _a8178800578 | ||
| 040 | _coclc | ||
| 082 |
_a333.7 _bRAJ/G |
||
| 100 |
_aRaj, Dev _9606 |
||
| 245 | 0 |
_aGlobalization And Decentralised Economic Development / _cDev Raj |
|
| 260 |
_bRajat Publications, _c2003. _aNew Delhi: |
||
| 300 | _a373 p | ||
| 650 | _aEconomics | ||
| 942 |
_cBK _2ddc _h333.7 _iRAJ/G _k333.7 _mRAJ/G |
||